[Event "San Sebastian Gros op 28th"]
[Site "San Sebastian"]
[Date "2018.06.22"]
[Round "1"]
[White "Kukov, Velislav"]
[Black "Bello Castano, Diego"]
[Result "1-0"]
[WhiteElo "2387"]
[BlackElo "1833"]
[PlyCount "53"]
[EventDate "2018.06.22"]
[EventType "swiss"]
[EventRounds "9"]
[EventCountry "ESP"]
[SourceTitle "CBM 185 Extra"]
[Source "ChessBase"]
[SourceDate "2018.07.29"]
[SourceVersion "1"]
[SourceVersionDate "2018.07.29"]
[SourceQuality "1"]

1. d4 d5 2. Bf4 Nf6 3. e3 c5 4. c3 Qb6 5. Qb3 c4 6. Qc2 Nc6 7. Nd2 Bg4 8. Ngf3 e6 9. h3 Bf5 10. Qc1 h6 11. Be2 Be7 12. 0-0 Qd8 13. Ne5 Nxe5 14. Bxe5 b5 15. Bd1 0-0 16. Bxf6 Bxf6 17. Bc2 Bxc2 18. Qxc2 Re8 19. f4 Qb6 20. g4 g6 21. Nf3 a5 22. h4 Bg7 23. h5 gxh5 24. g5 Ra7 25. gxh6 Bxh6 26. Qh2 f6 27. Qxh5 1-0

[Event "Donostia Spring op 13th"]
[Site "Donostia"]
[Date "2017.06.10"]
[Round "7.11"]
[White "Bello Castano, Diego"]
[Black "Cantabrana Garona, Alejandro"]
[Result "1/2-1/2"]
[WhiteElo "1858"]
[BlackElo "1739"]
[PlyCount "77"]
[EventDate "2017.04.29"]
[EventType "swiss"]
[EventRounds "7"]
[EventCountry "ESP"]
[SourceTitle "EXT 2024"]
[Source "ChessBase"]
[SourceDate "2023.10.10"]
[SourceVersion "1"]
[SourceVersionDate "2023.10.10"]
[SourceQuality "1"]

1. Nf3 g6 2. d4 Bg7 3. e4 d6 4. Nc3 c6 5. Be2 b5 6. 0-0 Nf6 7. e5 dxe5 8. Nxe5 Bb7 9. Bf3 a6 10. Bf4 Nd5 11. Nxd5 cxd5 12. Qd2 0-0 13. Bh6 Nd7 14. Bxg7 Kxg7 15. Nd3 Qb6 16. c3 Rae8 17. Rfe1 e6 18. h4 h6 19. Qf4 f6 20. Qd2 e5 21. dxe5 fxe5 22. Bg4 Nf6 23. Nxe5 Rxe5 24. Rxe5 Nxg4 25. Re7+ Rf7 26. Rxf7+ Kxf7 27. Qf4+ Nf6 28. Qxh6 Qxf2+ 29. Kxf2 Ng4+ 30. Kg3 Nxh6 31. Kf4 d4 32. cxd4 Bxg2 33. Rd1 Bd5 34. a3 Kf6 35. Rc1 Nf7 36. Rc7 Nd6 37. Rc5 Ke6 38. Rc2 Be4 39. Re2 1/2-1/2

[Event "San Sebastian Primavera de Gros op 11th"]
[Site "San Sebastian"]
[Date "2015.05.02"]
[Round "2"]
[White "Bello Castano, Diego"]
[Black "Erdozio Gaitan, Inaki"]
[Result "1-0"]
[WhiteElo "1901"]
[BlackElo "1671"]
[PlyCount "79"]
[EventDate "2015.04.25"]
[EventType "swiss"]
[EventRounds "8"]
[EventCountry "ESP"]
[SourceTitle "EXT 2019"]
[Source "ChessBase"]
[SourceDate "2018.10.10"]
[SourceVersion "1"]
[SourceVersionDate "2018.10.10"]
[SourceQuality "1"]

1. Nf3 Nf6 2. b3 g6 3. Bb2 Bg7 4. g3 0-0 5. Bg2 c5 6. 0-0 Nc6 7. e3 Qc7 8. c4 Rd8 9. Nc3 a6 10. a3 e6 11. Rc1 Ne4 12. Qc2 Nxc3 13. Bxc3 Bxc3 14. Qxc3 Qa5 15. Qb2 d6 16. Rfd1 Bd7 17. h4 Rf8 18. h5 Qd8 19. hxg6 fxg6 20. d4 Qf6 21. Qc2 Rad8 22. dxc5 dxc5 23. Rd2 Bc8 24. Rcd1 Rxd2 25. Qxd2 Rd8 26. Qc2 Qf8 27. Ne1 Ne5 28. Be4 Rd6 29. Rxd6 Qxd6 30. Ng2 Nd7 31. Nf4 Nf8 32. Qc3 e5 33. Bd5+ Be6 34. Nxe6 Nxe6 35. Bxb7 Qd1+ 36. Kg2 Qd6 37. Bd5 Kf8 38. f4 Ng7 39. fxe5 Qe7 40. e6 1-0

[Event "Donostia Spring op 10th"]
[Site "Donostia"]
[Date "2014.06.14"]
[Round "6.9"]
[White "Bello Castano, Diego"]
[Black "Hernandez Lopez, Daniel"]
[Result "1/2-1/2"]
[WhiteElo "1888"]
[BlackElo "1929"]
[PlyCount "63"]
[EventDate "2014.05.10"]
[EventType "swiss"]
[EventRounds "7"]
[EventCountry "ESP"]
[SourceTitle "EXT 2024"]
[Source "ChessBase"]
[SourceDate "2023.10.10"]
[SourceVersion "1"]
[SourceVersionDate "2023.10.10"]
[SourceQuality "1"]

1. Nf3 Nf6 2. b3 d5 3. Bb2 c5 4. e3 Nc6 5. Bb5 Bg4 6. h3 Bxf3 7. Qxf3 a6 8. Bxc6+ bxc6 9. d3 Qc7 10. Nd2 e5 11. Qf5 Bd6 12. 0-0-0 0-0 13. g4 a5 14. a4 Rab8 15. g5 Nd7 16. h4 Rb4 17. h5 Kh8 18. Rh2 f6 19. h6 g6 20. Qe6 Rbb8 21. gxf6 Nxf6 22. Rg2 Qd7 23. Qxd7 Nxd7 24. f4 Rbe8 25. Bc3 Bc7 26. Nf3 Kg8 27. fxe5 Nxe5 28. Ng5 Rf5 29. e4 Rf4 30. exd5 cxd5 31. d4 Nf7 32. dxc5 1/2-1/2

[Event "Gipuzkoa Province-ch"]
[Site "Azkoitia"]
[Date "2010.10.30"]
[Round "3"]
[White "Garro Beraza, Julen"]
[Black "Bello Castano, Diego"]
[Result "1/2-1/2"]
[WhiteElo "1959"]
[BlackElo "1893"]
[PlyCount "56"]
[EventDate "2010.10.16"]
[EventType "swiss"]
[EventRounds "7"]
[EventCountry "ESP"]
[SourceTitle "EXT 2014"]
[Source "ChessBase"]
[SourceDate "2013.11.20"]
[SourceVersion "1"]
[SourceVersionDate "2013.11.20"]
[SourceQuality "1"]

1. e4 c6 2. d4 d5 3. exd5 cxd5 4. Bd3 Nc6 5. c3 Qc7 6. Ne2 Bg4 7. f3 Bd7 8. Bf4 e5 9. dxe5 Nxe5 10. 0-0 Bd6 11. Kh1 Nf6 12. Na3 0-0 13. Qd2 Bc6 14. Nd4 Nxd3 15. Bxd6 Qxd6 16. Qxd3 Qf4 17. Nac2 Rfe8 18. Ne2 Qh4 19. Ncd4 Re5 20. Ng3 Rae8 21. Ngf5 Qh5 22. Rad1 g6 23. Ng3 Qh4 24. Qd2 Nh5 25. Qf2 Nxg3+ 26. Qxg3 Qxg3 27. hxg3 h5 28. Kg1 Kg7 1/2-1/2

[Event "San Sebastian op 20th"]
[Site "San Sebastian"]
[Date "2010.09.28"]
[Round "5"]
[White "Bello Castano, Diego"]
[Black "Espin Laborde, Jesus Maria"]
[Result "1-0"]
[WhiteElo "1893"]
[BlackElo "1791"]
[PlyCount "172"]
[EventDate "2010.09.24"]
[EventType "swiss"]
[EventRounds "9"]
[EventCountry "ESP"]
[SourceTitle "CBM 138 Extra"]
[Source "ChessBase"]
[SourceDate "2010.10.29"]
[SourceVersion "1"]
[SourceVersionDate "2010.10.29"]
[SourceQuality "1"]

1. Nf3 Nf6 2. b3 e6 3. Bb2 Be7 4. e3 d5 5. Ne5 0-0 6. Bd3 Nfd7 7. f4 f5 8. Qf3 Nf6 9. Nc3 Nbd7 10. 0-0-0 Nxe5 11. fxe5 Ne4 12. Bxe4 fxe4 13. Qe2 c6 14. Rhf1 Bd7 15. Qg4 Qc7 16. h4 Rxf1 17. Rxf1 Rf8 18. Rxf8+ Bxf8 19. Ne2 Qd8 20. Nf4 Qe7 21. Nh3 Qf7 22. Qf4 Qxf4 23. Nxf4 Be7 24. g3 g6 25. a4 Kf7 26. a5 Bb4 27. Bc3 Bxc3 28. dxc3 b6 29. axb6 axb6 30. Nh3 h6 31. g4 c5 32. g5 h5 33. Nf4 b5 34. Kd2 Bc6 35. Ne2 Ke7 36. Ng3 Kf7 37. Nh1 Ke7 38. Nf2 Kf7 39. Nd1 Ke7 40. Nb2 Kd7 41. c4 bxc4 42. bxc4 dxc4 43. Nxc4 Bd5 44. Nb2 Kc6 45. Kc3 Kb5 46. Nd1 Bc6 47. Nf2 Kb6 48. Kc4 Bb5+ 49. Kc3 Bc6 50. Nh3 Be8 51. Nf4 Bf7 52. Kc4 Kc6 53. Ne2 Kb6 54. Nc3 Be8 55. Nxe4 Bb5+ 56. Kc3 Be2 57. Nf2 Kc6 58. e4 Bf3 59. Kd3 Bg2 60. Kc4 Bf1+ 61. Kc3 Bg2 62. Kd3 Bf1+ 63. Ke3 Kd7 64. Nh1 Ke7 65. Ng3 Bb5 66. Kf4 Kf7 67. Nh1 Ba4 68. c3 Bc6 69. Nf2 Bb5 70. Ke3 Ke7 71. Nd1 Kd7 72. Nb2 Kc6 73. c4 Ba6 74. Kd2 Bc8 75. Nd3 Bd7 76. Nf4 Be8 77. Nxe6 Kb6 78. Nf4 Kc6 79. Kd3 Kd7 80. Kc3 Bf7 81. Kb3 Be8 82. Ka4 Kc7+ 83. Ka5 Kb7 84. e6 Kc7 85. e5 Kb7 86. Nd5 Kc8 1-0

[Event "San Sebastian Primavera de Gros op 6th"]
[Site "San Sebastian"]
[Date "2010.05.29"]
[Round "6"]
[White "Olmo Vega, Diego"]
[Black "Bello Castano, Diego"]
[Result "1-0"]
[WhiteElo "2025"]
[BlackElo "1911"]
[PlyCount "47"]
[EventDate "2010.04.24"]
[EventType "swiss"]
[EventRounds "8"]
[EventCountry "ESP"]
[SourceTitle "EXT 2024"]
[Source "ChessBase"]
[SourceDate "2023.10.10"]
[SourceVersion "1"]
[SourceVersionDate "2023.10.10"]
[SourceQuality "1"]

1. e4 c6 2. d4 d5 3. Nc3 dxe4 4. Nxe4 Nf6 5. Nxf6+ gxf6 6. c3 Bf5 7. Bf4 Qd5 8. Be2 Rg8 9. Bf3 Be4 10. Qb3 Qxb3 11. axb3 Bxf3 12. Nxf3 Nd7 13. 0-0 e6 14. Rfe1 Be7 15. Nd2 Rg4 16. g3 Kf8 17. Nc4 c5 18. dxc5 Nxc5 19. Nb6 Rd8 20. Rxa7 Nd3 21. Bh6+ Kg8 22. Rd1 Rg6 23. Be3 f5 24. Rxb7 1-0

[Event "San Sebastian op 33rd"]
[Site "San Sebastian"]
[Date "2010.03.30"]
[Round "3"]
[White "Nelson, Jonathan"]
[Black "Bello Castano, Diego"]
[Result "1-0"]
[WhiteElo "2245"]
[BlackElo "1911"]
[PlyCount "53"]
[EventDate "2010.03.28"]
[EventType "swiss"]
[EventRounds "9"]
[EventCountry "ESP"]
[SourceTitle "CBM 135 Extra"]
[Source "ChessBase"]
[SourceDate "2010.05.04"]
[SourceVersion "1"]
[SourceVersionDate "2010.05.04"]
[SourceQuality "1"]

1. e4 c6 2. d4 d5 3. exd5 cxd5 4. c4 Nf6 5. Nc3 e6 6. Nf3 Nc6 7. cxd5 Nxd5 8. Bc4 Be7 9. 0-0 0-0 10. Re1 a6 11. Bb3 b5 12. Nxd5 exd5 13. Ne5 Nxe5 14. Rxe5 Be6 15. Qh5 Bf6 16. Bg5 Rc8 17. Rae1 Bxg5 18. Rxg5 f6 19. Rg3 Bf7 20. Qg4 g6 21. Rge3 Rc7 22. Qf4 Kg7 23. h4 h6 24. Rf3 a5 25. a4 b4 26. Kh2 Re7 27. Qxf6+ 1-0

[Event "Groseko Udaberriko Txapelke"]
[Site "Donostia"]
[Date "2009.06.20"]
[Round "7.4"]
[White "Bello Castano, Diego"]
[Black "Olmo Vega, Diego"]
[Result "1-0"]
[WhiteElo "1916"]
[BlackElo "1992"]
[PlyCount "35"]
[EventDate "2009.05.09"]
[EventType "swiss"]
[EventRounds "7"]
[EventCountry "ESP"]
[SourceTitle "EXT 2024"]
[Source "ChessBase"]
[SourceDate "2023.10.10"]
[SourceVersion "1"]
[SourceVersionDate "2023.10.10"]
[SourceQuality "1"]

1. Nf3 Nf6 2. b3 g6 3. Bb2 Bg7 4. e4 d6 5. Qe2 0-0 6. d4 c5 7. dxc5 dxc5 8. Nbd2 Qc7 9. 0-0-0 Rd8 10. h4 Nc6 11. e5 Ng4 12. h5 Ngxe5 13. hxg6 hxg6 14. Ng5 Nd4 15. Qe4 f6 16. Nc4 Nxc4 17. Qxg6 Ne5 18. Rh8+ 1-0

[Event "San Sebastian Nagusia op"]
[Site "San Sebastian"]
[Date "2008.11.29"]
[Round "6"]
[White "Urretabizkaia Merino, Asier"]
[Black "Bello Castano, Diego"]
[Result "0-1"]
[WhiteElo "2066"]
[BlackElo "1887"]
[PlyCount "72"]
[EventDate "2008.10.25"]
[EventType "swiss"]
[EventRounds "7"]
[EventCountry "ESP"]
[SourceTitle "EXT 2011"]
[Source "ChessBase"]
[SourceDate "2010.11.26"]
[SourceVersion "1"]
[SourceVersionDate "2010.11.26"]
[SourceQuality "1"]

1. Nf3 c6 2. c4 d5 3. d4 Nf6 4. Nc3 e6 5. e3 Bd6 6. Qc2 0-0 7. Bd3 Nbd7 8. 0-0 dxc4 9. Bxc4 e5 10. Bd3 exd4 11. exd4 h6 12. Re1 Nb6 13. Ne5 Nbd5 14. Bf5 Nb4 15. Qb1 Qb6 16. a3 Qxd4 17. Bxc8 Bxe5 18. axb4 Rfxc8 19. Qf5 Re8 20. Be3 Qxb4 21. Na4 Bd4 22. Qf4 Re4 23. Qg3 b5 24. Nc3 Bxc3 25. bxc3 Qxc3 26. Rec1 Qe5 27. Qxe5 Rxe5 28. Rxc6 a5 29. Bd2 a4 30. Bc3 Re6 31. Rxe6 fxe6 32. f3 Nd5 33. Bd2 b4 34. Kf1 b3 35. Bc1 Nb4 36. Ke2 Nc2 0-1

[Event "San Sebastian Nagusia op"]
[Site "San Sebastian"]
[Date "2008.11.22"]
[Round "5"]
[White "Bello Castano, Diego"]
[Black "Garro Beraza, Haritz"]
[Result "0-1"]
[WhiteElo "1887"]
[BlackElo "2032"]
[PlyCount "50"]
[EventDate "2008.10.25"]
[EventType "swiss"]
[EventRounds "7"]
[EventCountry "ESP"]
[SourceTitle "EXT 2011"]
[Source "ChessBase"]
[SourceDate "2010.11.26"]
[SourceVersion "1"]
[SourceVersionDate "2010.11.26"]
[SourceQuality "1"]

1. Nf3 Nf6 2. b3 g6 3. Bb2 Bg7 4. e4 d6 5. Qe2 e5 6. d4 0-0 7. Nbd2 exd4 8. Nxd4 Re8 9. 0-0-0 Qe7 10. f3 c5 11. Nb5 a6 12. Nc3 Nc6 13. h4 Nd4 14. Qf2 Be6 15. g4 h5 16. g5 Nd7 17. f4 b5 18. Bd3 c4 19. bxc4 Nc5 20. Nd5 Bxd5 21. cxd5 Nxd3+ 22. cxd3 Qc7+ 23. Kb1 Qc2+ 24. Ka1 Nb3+ 25. Nxb3 Bxb2# 0-1

[Event "San Sebastian op 18th"]
[Site "San Sebastian"]
[Date "2008.09.27"]
[Round "9"]
[White "Bello Castano, Diego"]
[Black "Ezkerro Hernandez, Pablo"]
[Result "1-0"]
[WhiteElo "1887"]
[BlackElo "1836"]
[PlyCount "45"]
[EventDate "2008.09.20"]
[EventType "swiss"]
[EventRounds "9"]
[EventCountry "ESP"]
[SourceTitle "CBM 126 Extra"]
[Source "ChessBase"]
[SourceDate "2008.11.05"]
[SourceVersion "1"]
[SourceVersionDate "2008.11.05"]
[SourceQuality "1"]

1. Nf3 e6 2. b3 d5 3. Bb2 Nf6 4. e3 c5 5. Ne5 Nbd7 6. f4 Nxe5 7. fxe5 Ne4 8. Bb5+ Bd7 9. Bxd7+ Kxd7 10. 0-0 f5 11. exf6 Nxf6 12. Qf3 Be7 13. c4 Kc8 14. Nc3 Rf8 15. cxd5 exd5 16. Rac1 Qd7 17. b4 c4 18. d3 Bxb4 19. Nxd5 Nxd5 20. Rxc4+ Kd8 21. Qxf8+ Bxf8 22. Rxf8+ Ke7 23. Ba3+ 1-0

[Event "San Sebastian op 18th"]
[Site "San Sebastian"]
[Date "2008.09.21"]
[Round "2"]
[White "Bello Castano, Diego"]
[Black "Olabe Odriozola, Eduardo"]
[Result "1-0"]
[WhiteElo "1887"]
[BlackElo "1728"]
[PlyCount "49"]
[EventDate "2008.09.20"]
[EventType "swiss"]
[EventRounds "9"]
[EventCountry "ESP"]
[SourceTitle "CBM 126 Extra"]
[Source "ChessBase"]
[SourceDate "2008.11.05"]
[SourceVersion "1"]
[SourceVersionDate "2008.11.05"]
[SourceQuality "1"]

1. Nf3 d5 2. b3 Nf6 3. Bb2 Bf5 4. e3 e6 5. a3 h6 6. Be2 Be7 7. 0-0 c5 8. Bb5+ Nbd7 9. Ne5 0-0 10. f4 Nxe5 11. fxe5 Nd7 12. d4 Rc8 13. Bd3 Bxd3 14. Qxd3 c4 15. Qd1 Bg5 16. Qe2 cxb3 17. cxb3 Qb6 18. b4 Nxe5 19. h4 Bxe3+ 20. Qxe3 Rc2 21. Qxe5 Rxb2 22. Nc3 Rc2 23. Na4 Qb5 24. Nc5 b6 25. Nxe6 1-0